000 01454nam a2200229 a 4500
008 120416s1999 ||||||||||||||||| || u
020 _a8171695655
050 _aHG 2035 Deo
100 _aDeolankar, Vivek
245 1 0 _aBanking finance and entrepreneurship, vols 1 & 2
260 _aNew Delhi
_bCommonwealth Publishers
_c1999
350 _a0.00
650 _aBANKING--FINANCE
650 0 _aFINANCE--DEVELOPING COUNTRIES
650 _aBANKING--ENTREPRENEURSHIP
995 _aANNEX COLLECTION (Main Library)
_D0.00
_e732999
_FCBU-MAIN LIBRARY (Kitwe)
_H6
_I165.00
_jHG 2035 Deo
_M6
_UAVAILABLE
_y029861
_ZAnnex Low-Usage Collection
995 _aMAIN LIBRARY OPEN ACCESS
_D0.00
_e732995
_FCBU-MAIN LIBRARY (Kitwe)
_H2
_I165.00
_jHG 2035 Deo
_M2
_UAVAILABLE
_y029860
_ZMain Library Open Access Collection
995 _aMAIN LIBRARY OPEN ACCESS
_D0.00
_e732996
_FCBU-MAIN LIBRARY (Kitwe)
_H3
_I165.00
_jHG 2035 Deo
_M3
_UAVAILABLE
_y029865
_ZMain Library Open Access Collection
995 _aANNEX COLLECTION (Main Library)
_D0.00
_e732994
_FCBU-MAIN LIBRARY (Kitwe)
_H4
_I165.00
_jHG 2035 Deo
_M4
_UAVAILABLE
_y029863
_ZAnnex Low-Usage Collection
995 _aANNEX COLLECTION (Main Library)
_D0.00
_e732997
_FCBU-MAIN LIBRARY (Kitwe)
_H1
_I165.00
_jHG 2035 Deo
_M1
_UAVAILABLE
_WJul 17, 2006
_y029864
_ZAnnex Low-Usage Collection
995 _aANNEX COLLECTION (Main Library)
_D0.00
_e732998
_FCBU-MAIN LIBRARY (Kitwe)
_H5
_I165.00
_jHG 2035 Deo
_M5
_UAVAILABLE
_y029862
_ZAnnex Low-Usage Collection
999 _c84527
_d84527